Normal view
MARC view
Entry Topical Term
001 - CONTROL NUMBER
- control field: 9605
003 - CONTROL NUMBER IDENTIFIER
- control field: BD-RjUL
005 - DATE AND TIME OF LATEST TRANSACTION
- control field: 20231017102022.0
008 - FIXED-LENGTH DATA ELEMENTS
- fixed length control field: 231017|| aca||aabn | a|a d
040 ## - CATALOGING SOURCE
- Original cataloging agency: BD-RjUL
- Transcribing agency: BD-RjUL
150 ## - HEADING--TOPICAL TERM
- Topical term or geographic name entry element: Mutagens
- Form subdivision: Molecular Evolution
670 ## - SOURCE DATA FOUND
- Source citation: Work cat.: (BD-RjUL)82136: Hoque, Kazi Md. Faisal 9604, Effect of Mutagens and Antibiotics on Some Traits of the Ladybird Beetle Epilachna Vigintiopunctata (Coleoptera : Coccinllidae) /, 2015